La Lucha Popular entró en un compás de espera
Պահպանված է:
| Ձևաչափ: | Տեքստ |
|---|---|
| Խորագրեր: | |
| Ցուցիչներ: |
Ավելացրեք ցուցիչ
Չկան պիտակներ, Եղեք առաջինը, ով նշում է այս գրառումը!
|
MARC
| LEADER | 00000 a a2200000 04500 | ||
|---|---|---|---|
| 001 | 1538 | ||
| 003 | |||
| 040 | |||
| 245 | |a La Lucha Popular entró en un compás de espera | ||
| 650 | |a CLASE OBRERA | ||
| 650 | |a BANANOS | ||
| 650 | |a SINDICATOS | ||
| 650 | |a POLITICA | ||
| 650 | |a ECONOMIA | ||
| 650 | |a COSTA RICA | ||
| 773 | |g número 7; páginas 11-13 | ||
| 999 | |c 28455 |d 28455 | ||
